Vvedenije v teoriju nelinejnych kolebanij /

Guardado en:
Detalles Bibliográficos
Autores principales: Nejmark, Ju.I (Autor), Butenin, N.V (Autor), Fufajev, N.A (Autor)
Formato: Libro
Lenguaje:ruso
Publicado: Moskva : Nauka, 1987
Edición:2.izd.
Etiquetas: Agregar Etiqueta
Sin Etiquetas, Sea el primero en etiquetar este registro!

MARC

LEADER 00000nam a22000003a 4500
001 stu5809
005 20150617225807.7
008 940509s1987----xxr-----------------rus-d
040 |a STU  |b slo 
041 0 |a rus 
044 |a xxr 
080 |a 534.1 
100 1 |a Nejmark, Ju.I  |4 aut 
245 1 |a Vvedenije v teoriju nelinejnych kolebanij /  |c [aut.] Butenin,N.V.; Nejmark,Ju.I.; Fufajev,N.A 
250 |a 2.izd. 
260 |a Moskva :  |b Nauka,  |c 1987 
300 |a 382 s 
700 1 |a Butenin, N.V  |4 aut 
700 1 |a Fufajev, N.A  |4 aut 
996 |b E65870  |c E*65870  |l EE03  |s P  |a 0  |w stu5809_0001